000 01159nam a2200205Ia 4500
003 Ost
005 20260507075042.0
008 260507s9999||||xx |||||||||||||| ||und||
040 _cfsecg
041 _aara
082 _a330
100 _aأحمد، خالد موسى
_eمؤلف
245 0 _aشركات الأشخاص والأموال /
_c خالد موسى أحمد
260 _aالقاهرة:
_bحسن حيدر للنشر,
_c2005
300 _a412 صفحة؛
_bإيضاحات ؛
_c24 سم
520 _aأنواع الشركات،آثار عقد الشركة،الشخصية المعنوية في فترة التصفية، شركات الأشخاص في القانون، شركات الأموال، شركة التوصية بالإسم، شركة التضامن، صيغة عقد شركة تضامن، نشاط شركة المساهمة، شركة التوصية بالإسم، الشركة ذات المسئولية المحدودة، تأسيس الشركة ذات المسئولية المحدودة، أحكام محكمة النقض
653 _aالشركات
653 _aشركات ذات مسئولية محدودة
942 _cكتاب
999 _c42520
_d42520